Normal view
MARC view
Entry Topical Term
001 - CONTROL NUMBER
- control field: 15286
003 - CONTROL NUMBER IDENTIFIER
- control field: ARRUPE
005 - DATE AND TIME OF LATEST TRANSACTION
- control field: 20150218123348.0
008 - FIXED-LENGTH DATA ELEMENTS
- fixed length control field: 150218|| aca||aabn | a|a d
040 ## - CATALOGING SOURCE
- Original cataloging agency: ARRUPE
- Transcribing agency: ARRUPE
150 ## - HEADING--TOPICAL TERM
- Topical term or geographic name as entry element: Love
- Form subdivision: Buddhism
670 ## - SOURCE DATA FOUND
- Source citation: Work cat.: (ARRUPE): Suu Kyi, Aung San 15285, Heavenly abodes and human development, 1997